Open Data Biblioteca Nacional de Portugal


República Portuguesa: Ministério da Cultura
Biblioteca Nacional de Portugal

Catálogo da BNP: acesso por Identificadores Unívocos
Registos Bibliográficos associados ao registo de autoridade

Etiqueta de registo: 00254nam 2200025 450
001 2288943
003 http://id.bnportugal.gov.pt/bib/catbnp/2288943
010 ## $a978-989-788-298-2
021 ## $aPT $b556489/25
100 ## $a20260626d2025 m y0pory01030103ba
101 1# $apor$cspa
102 ## $aPT
105 ## $aa z 000yy
106 ## $ar
200 1# $aReset$e a neurociência do bem-estar$fFlor Bondorevsky$gpref. Armindo Monteiro
205 ## $a1ª ed
210 #9 $aPorto$cVida Económica,$d2025
215 ## $a239, [1] p.$cil.$d23 cm
700 #1 $aBondorevsky,$bFlorencia$32001826
702 #1 $92$aMonteiro,$bArmindo$5080$31992802
801 #0 $aPT$bBN$gRPC
966 ## $lBN$mFGMON$x1
966 ## $lBN$mFGMON$x1
971 ## $cisantos$d20260626

OpendataBNP@bnportugal.pt | Mais informação sobre acesso aos dados BNP